|
|
|
|
| LEADER |
01210nam a22002772a 4500 |
| 001 |
000165560 |
| 003 |
CZ BrMZK |
| 005 |
20091216072302.0 |
| 007 |
ta |
| 008 |
010907s1963 xr f cze d |
| 040 |
|
|
|a BOA001
|b cze
|
| 041 |
1 |
|
|a cze
|a rus
|
| 100 |
1 |
|
|a Mlej, Ivan,
|d 1922-
|7 jk01081907
|4 edt
|4 wfw
|
| 245 |
1 |
0 |
|a Rasskazy russkich pisatelej /
|c k vydání připravil, úvod, komentář a slovníček napsal Ivan Mlej ; ilustrace Michael Romberg
|
| 250 |
|
|
|a 1. vyd.
|
| 260 |
|
|
|a Praha :
|b Státní pedagogické nakladatelství,
|c 1963
|
| 300 |
|
|
|a 153 s. : +
|e Komentář. Rusko-český slovníček. 46 s.
|
| 490 |
1 |
|
|a Cizojazyčná komentovaná četba
|
| 700 |
1 |
|
|a Romberg, Michael,
|d 1918-1982
|7 jk01102660
|4 ill
|
| 830 |
|
0 |
|a Cizojazyčná komentovaná četba
|0 s
|
| 910 |
|
|
|a BOA001
|b PK-A-0008.159
|b 1-0489.790
|
| 964 |
|
|
|a Povídky ruské - vydání komentovaná
|
| 990 |
|
|
|a BK
|
| 996 |
7 |
|
|b 2619444953
|c 1-0489.790
|l MZK
|r Sklad / do 1 hodiny
|n 1
|w 000165560
|u 000040
|a 1
|e BOA001
|j MZK50
|s A
|
| 996 |
7 |
|
|b 3119652813
|c PK-A-0008.159
|l MZK
|r Sklad / do 1 hodiny
|n 1
|w 000165560
|u 000020
|a 1
|e BOA001
|j MZK50
|s A
|
| 996 |
7 |
|
|b 3119942038
|c PK-A-0008.159
|l MZK
|r Sklad / do 1 hodiny
|n 2
|w 000165560
|u 000010
|a 1
|e BOA001
|j MZK50
|s A
|